Дело по представлению Академии наук о допущении академика Броссе к осмотру архива Азиатского департамента

Доступно только в Электронных читальных залах Найти на картеНа карте
RUSMARC
00003739nmc2a22002533x 450
001c08c3d41-16fc-44a0-952a-39381a04c58e
00520250621165624.0
100##$a20241203l18381838k l0rusy0189 ca
1010#$arus
$afre
102##$aRU
105##$ay###
1222#$ad
2001#$aДело по представлению Академии наук о допущении академика Броссе к осмотру архива Азиатского департамента
$j13 мая - 30 октября 1838 г.
215##$a22 л.
$d36,5х26 см
251##$cДело
300##$aНа обложке указано: "№1083"
300##$aНа русском и французском языках
371##$aДокумент не является опубликованным и широко распространяемым
461#0$10012b5b8419-5ce4-4d16-a7a3-85720a295f1f
$12001
$aКанцелярия министра народного просвещения
$1251
$cФонд
$1852
$j735
462#0$1001562cc287-b13c-4f02-8029-f81535ba1e2e
$12001
$aКанцелярия министра народного просвещения
$1251
$cОпись
$1852
$j2
801#0$aRU
$bРГИА
$c20241203
$gRCR
801#1$aRU
$bГлавНИВЦ
$c20241203
$2rusmarc
801#2$aRU
$bПБ им. Б.Н. Ельцина
$c20250621
$gRCR
$2rusmarc
850##$aРГИА
852##$aРГИА
$eФедеральное казенное учреждение "Российский государственный исторический архив" (РГИА)
$j30
937##$hРГИА
$d12420707
$aASBIBLIO_SCAN
035##$aRusGRCC00083093
856##$uhttp://readingroom.main.prlib.ru/item.aspx?id_node=n196846345&mode=full
Формат отображения